Prime Ministers of New Zealand - Statistics

General Stats
  • This quiz has been taken 16 times
  • The average score is 14 of 54
Answer Stats
Hint Answer % Correct
2017 - Jacinda Ardern
100%
1999 - 2008 Helen Clark
83%
2008 - 2016 John Key
83%
1997 - 1999 Jenny Shipley
75%
1975 - 1984 Robert Muldoon
75%
2016 - 2017 Bill English
67%
1984 - 1989 David Lange
58%
1989 -1990 Geoffrey Palmer
50%
1990 - 1997 Jim Bolger
50%
1990 Mike Moore
50%
1960 - 1972 Keith Holyoake
42%
1957 Keith Holyoake
42%
1974 - 1975 Bill Rowling
33%
1935 - 1940† Michael Joseph Savage
33%
1972 - 1974† Norman Kirk
33%
1940 - 1949 Peter Fraser
33%
1893 - 1906† Richard Seddon
33%
1972 - 1972 Jack Marshall
25%
1949 - 1957 Sydney Holland
25%
1957 - 1960 Walter Nash
25%
1925 Francis Bell
17%
1930 - 1935 George Forbes
17%
1877 - 1879 George Grey
17%
1925 - 1928 Gordon Coates
17%
1887 - 1891 Harry Atkinson
17%
1884 Harry Atkinson
17%
1883 - 1884 Harry Atkinson
17%
1876 - 1877 Harry Atkinson
17%
1856 Henry Sewell
17%
1974 - 1974 (acting) Hugh Watt
17%
1891 - 1893 John Ballance
17%
1879 - 1882 John Hall
17%
1928 - 1930 Joseph Ward
17%
1906 - 1912 Joseph Ward
17%
1876 Julius Vogel
17%
1873 - 1875 Julius Vogel
17%
1884 - 1887 Robert Stout
17%
1884 Robert Stout
17%
1912 Thomas Mackenzie
17%
1906 William Hall-Jones
17%
1912 - 1925† William Massey
17%
1862 - 1863 Alfred Domett
8%
1875 - 1876 Daniel Pollen
0%
1872 Edward Stafford
0%
1865 - 1869 Edward Stafford
0%
1856 - 1861 Edward Stafford
0%
1864 - 1865 Frederick Weld
0%
1882 - 1883 Frederick Whitaker
0%
1863 - 1864 Frederick Whitaker
0%
1872 - 1873 George Waterhouse
0%
1873 William Fox
0%
1869 - 1872 William Fox
0%
1861 - 1862 William Fox
0%
1856 William Fox
0%
No matching quizzes found
Score Distribution
Percent of People with Each Score
Percentile by Number Answered
Your Score History
You have not taken this quiz